MARC details
| 000 -CABECERA |
| campo de control de longitud fija |
01137cam a22003017a 4500 |
| 003 - IDENTIFICADOR DEL NÚMERO DE CONTROL |
| campo de control |
MX-MxUPN |
| 005 - FECHA Y HORA DE LA ÚLTIMA TRANSACCIÓN |
| campo de control |
20240305100115.0 |
| 008 - ELEMENTOS DE LONGITUD FIJA--INFORMACIÓN GENERAL |
| campo de control de longitud fija |
240222s2023 mx|ao|||r|||| 000 0 spa d |
| 020 ## - NÚMERO INTERNACIONAL NORMALIZADO PARA LIBROS |
| Número Internacional Estándar del Libro |
9786075791180 |
| 040 ## - FUENTE DE LA CATALOGACIÓN |
| Centro catalogador/agencia de origen |
MX-MxUPN |
| Lengua de catalogación |
spa |
| 041 0# - CÓDIGO DE IDIOMA |
| Código de lengua del texto/banda sonora o título independiente |
spa |
| 050 #4 - SIGNATURA TOPOGRÁFICA DE LA BIBLIOTECA DEL CONGRESO |
| Número de clasificación |
LB1027.43 |
| Número de documento/Ítem |
M62 N84 2023 |
| 245 00 - MENCIÓN DE TÍTULO |
| Título |
Nuestro libro de proyectos : |
| Resto del título |
segundo grado |
| 250 ## - MENCIÓN DE EDICIÓN |
| Mención de edición |
Primera edición |
| 260 ## - PUBLICACIÓN, DISTRIBUCIÓN, ETC. |
| Lugar de publicación, distribución, etc. |
Ciudad de México : |
| Nombre del editor, distribuidor, etc. |
Secretaría de Educación Pública, Dirección General de Materiales Educativos , |
| Fecha de publicación, distribución, etc. |
2023 |
| 300 ## - DESCRIPCIÓN FÍSICA |
| Extensión |
313 páginas : |
| Otras características físicas |
ilustraciones, fotografías |
| 490 0# - MENCIÓN DE SERIE |
| Mención de serie |
Colección Sk'asolil |
| 650 #4 - ASIENTO SECUNDARIO DE MATERIA - TERMINO TEMATICO |
| 9 (RLIN) |
51254 |
| Término de materia o nombre geográfico como elemento de entrada |
Nueva Escuela Mexicana |
| 650 #4 - ASIENTO SECUNDARIO DE MATERIA - TERMINO TEMATICO |
| 9 (RLIN) |
27842 |
| Término de materia o nombre geográfico como elemento de entrada |
Aprendizaje basado en proyectos |
| 650 #4 - ASIENTO SECUNDARIO DE MATERIA - TERMINO TEMATICO |
| 9 (RLIN) |
51265 |
| Término de materia o nombre geográfico como elemento de entrada |
Lenguaje y lenguas |
| Subdivisión general |
Estudio y enseñanza (Secundaria) |
| 650 #4 - ASIENTO SECUNDARIO DE MATERIA - TERMINO TEMATICO |
| 9 (RLIN) |
10108 |
| Término de materia o nombre geográfico como elemento de entrada |
Ciencia |
| Subdivisión general |
Estudio y enseñanza (Secundaria) |
| 650 #4 - ASIENTO SECUNDARIO DE MATERIA - TERMINO TEMATICO |
| 9 (RLIN) |
1512 |
| Término de materia o nombre geográfico como elemento de entrada |
Civismo |
| Subdivisión general |
Estudio y enseñanza (Secundaria) |
| 650 #4 - ASIENTO SECUNDARIO DE MATERIA - TERMINO TEMATICO |
| 9 (RLIN) |
51259 |
| Término de materia o nombre geográfico como elemento de entrada |
Lenguaje y lenguas |
| Subdivisión de forma |
Libros de texto |
| 650 #4 - ASIENTO SECUNDARIO DE MATERIA - TERMINO TEMATICO |
| 9 (RLIN) |
51255 |
| Término de materia o nombre geográfico como elemento de entrada |
Ciencia |
| Subdivisión de forma |
Libros de texto |
| 902 ## - ELEMENTOS DE DATOS B LOCAL, LDB (RLIN) |
| Creó |
GCH220224 |
| Modificó |
VóctorGodínez/050324 |
| 942 ## - ELEMENTOS DE PUNTO DE ACCESO ADICIONAL (KOHA) |
| Fuente del sistema de clasificación o colocación |
Library of Congress Classification |
| Tipo de ítem Koha |
Libro |